| 000 | 03006cam a22005294a 4500 | ||
|---|---|---|---|
| 001 | muse30254 | ||
| 003 | MdBmJHUP | ||
| 005 | 20210127151028.0 | ||
| 006 | m o d | ||
| 007 | cr||||||||nn|n | ||
| 008 | 130920r20132012saa o 00 0 eng d | ||
| 020 | _a9781920489984 | ||
| 020 | _z9781920489977 | ||
| 035 | _a(OCoLC)867742106 | ||
| 040 |
_aMdBmJHUP _cMdBmJHUP |
||
| 041 | 1 |
_aeng _hjpn |
|
| 043 | _af-mz--- | ||
| 050 | 4 |
_aDT3337 _b.F86 2012 |
|
| 100 | 1 |
_aFunada-Classen, Sayaka, _eauthor. |
|
| 245 | 1 | 4 |
_aThe Origins of War in Mozambique _bA History of Unity and Division / _cSayaka Funada-Classen ; translated by Masako Osada. |
| 264 | 1 | _bProject Muse, | |
| 264 | 3 | _bProject MUSE, | |
| 300 |
_a1 online resource (xiii, 433 pages) : _billustrations, maps. |
||
| 500 | _aIssued as part of book collections on Project MUSE. | ||
| 504 | _aIncludes bibliographical references (pages [395]-415) and indexes. | ||
| 505 | 0 | _aPreface -- List of illustrations -- List of acronyms and abbreviations -- Introduction -- Chapter 1. Emergence of "Mozambique" and social changes under colonial rule -- Chapter 2. Characteristics of Maúa and the process of colonisation -- Chapter 3. Mozambique before the liberation struggle -- Chapter 4. World politics from 1960 to 1975 and Mozambique's liberation struggle -- Chapter 5. Maúa circumscription during the liberation struggle -- Conclusion: From the liberation struggle to post-independence armed conflict -- Bibliography. | |
| 506 | 0 |
_aOpen Access _fUnrestricted online access _2star |
|
| 520 | _aThe book focuses on an area called Maúa, not because I believe Maúa represents the whole of Mozambique as such, but because highlighting a specific area and people helps to understand the Mozambican history more deeply and comprehensively. In any case, it would be impossible to study the experience of all Mozambicans. I am not attempting to write a history textbook of Mozambique, or a glorious history of the liberation struggle, but rather trying to fill a gap in the descriptions of contemporary Mozambican history by delving into matters that have not been written about before. | ||
| 588 | _aDescription based on print version record. | ||
| 651 | 0 |
_aMozambique _xHistory. |
|
| 655 | 0 | _aElectronic books. | |
| 655 | 7 |
_aElectronic books. _2local |
|
| 700 | 1 |
_aOsada, Masako, _etranslator. |
|
| 710 | 2 |
_aProject Muse, _edistributor. |
|
| 776 | 1 | 8 |
_iPrint version: _z9781920489977 |
| 776 | 1 | 8 |
_iPrint version: _z9784275009524 |
| 710 | 2 |
_aProject Muse. _edistributor |
|
| 830 | 0 | _aBook collections on Project MUSE. | |
| 856 | 4 | 0 |
_zFull text available: _uhttps://muse.jhu.edu/book/25183/ |
| 945 | _aProject MUSE - 2013 Complete | ||
| 945 | _aProject MUSE - 2013 African Studies | ||
| 945 | _aProject MUSE - 2013 History | ||
| 999 |
_c24366 _d24366 |
||